[Event "?"]
[Site "BAWAG GM-Turnier (9)"]
[Date "1996.??.??"]
[Round "?"]
[White "Roth, P."]
[Black "Stefanova, A."]
[Result "1/2-1/2"]
[WhiteElo "2315"]
[BlackElo "2370"]
[PlyCount "94"]

1. e4 d5 2. exd5 Qxd5 3. Nc3 Qa5 4. Bc4 Nf6 5. d3 c6 6. Nge2 e6 7. Ng3 b5 8.
Bb3 Bb7 9. Bd2 Qc7 10. Qe2 Nbd7 11. a4 Nc5 12. Ba2 b4 13. Nce4 Nfxe4 14. Nxe4
Nxe4 15. dxe4 Bd6 16. g3 O-O 17. Bc4 c5 18. O-O Kh8 19. Rae1 a6 20. e5 Qc6 21.
f3 Bc7 22. b3 f6 23. exf6 Rxf6 24. Bd3 Raf8 25. Be4 Qb6 26. Bxb7 Qxb7 27. Qe4
Qd5 28. Be3 Bd6 29. Rd1 Rxf3 30. Rxd5 Rxf1+ 31. Kg2 exd5 32. Qxd5 R1f6 33. Bxc5
Bxc5 34. Qxc5 h6 35. h4 Re8 36. Qxb4 Re2+ 37. Kh3 Rxc2 38. Qb8+ Kh7 39. Qe8 Rc3
40. b4 Rc4 41. Qb8 Rf3 42. Qb7 Rb3 43. Qxa6 Rcxb4 44. Qe6 Ra3 45. Qf5+ Kg8 46.
Qc8+ Kh7 47. Qf5+ Kg8 1/2-1/2

[Event "?"]
[Site "BAWAG GM-Turnier (9)"]
[Date "1996.??.??"]
[Round "?"]
[White "Fauland, A."]
[Black "Kindermann, St"]
[Result "0-1"]
[WhiteElo "2430"]
[BlackElo "2575"]
[PlyCount "32"]

1. d4 Nf6 2. Nf3 g6 3. g3 Bg7 4. Bg2 O-O 5. O-O d6 6. b3 e5 7. dxe5 dxe5 8. Bb2
e4 9. Ng5 Qe7 10. Nc3 Bf5 11. Qd4 Rd8 12. Qc4 Nc6 13. Rad1 h6 14. Nh3 g5 15.
Nd5 Nxd5 16. Rxd5 Bxh3 0-1

[Event "?"]
[Site "BAWAG GM-Turnier (9)"]
[Date "1996.??.??"]
[Round "?"]
[White "Chernin, A."]
[Black "Stanec, N."]
[Result "1/2-1/2"]
[WhiteElo "2595"]
[BlackElo "2490"]
[PlyCount "85"]

1. d4 Nf6 2. c4 g6 3. Nc3 Bg7 4. e4 d6 5. h3 O-O 6. Bg5 c5 7. d5 e6 8. Bd3 exd5
9. cxd5 a6 10. a4 Nbd7 11. Nf3 Qc7 12. Nd2 Ne5 13. Be2 c4 14. O-O Bd7 15. a5 b5
16. axb6 Qxb6 17. Qc2 Rfc8 18. Be3 Qb4 19. Ra3 Rab8 20. Rb1 h6 21. Rxa6 Ne8 22.
Ra7 g5 23. Bd4 Rb7 24. Ra3 Rbb8 25. Ra7 Rb7 26. Ra3 Rbb8 27. Bf1 Ra8 28. Rba1
Rxa3 29. Rxa3 Nc7 30. Bxe5 Bxe5 31. Nxc4 Bd4 32. Rb3 Qc5 33. Nb6 Rd8 34. Nxd7
Rxd7 35. Rb8+ Kg7 36. Qd2 Re7 37. Nb5 Nxb5 38. Rxb5 Qa7 39. Bd3 Rc7 40. g3 Qa1+
41. Bf1 Be5 42. Qe2 Qc1 43. Rb4 1/2-1/2